000 00505nam a2200181Ia 4500
005 20250508151511.0
008 008 250505s9999 xx 000 0 eng d
037 _aTextual
040 _aFEDL
_beng
_cFEDL
041 _aeng
_2eng
084 _a372.3, NEU
_qFEDL
100 _aNeurath Marie
_9458296
245 0 _aI will show you how it happens
260 _aLondon, UK
_bMax Parrish and Company Ltd.
_c1956
300 _a32p.
942 _cTEXL
_h372.3, NEU
999 _c1330215
_d1330215